| 000 | 00738nam a22001697a 4500 | ||
|---|---|---|---|
| 003 | OSt | ||
| 005 | 20251125092614.0 | ||
| 008 | 251125b |||||||| |||| 00| 0 eng d | ||
| 040 | _cDCL | ||
| 082 | _a၃၇၀.၁၅ | ||
| 100 | 0 |
_aကေမြရီ၊ _cဒေါက်တာ- |
|
| 245 | 1 | 0 |
_aပညာရေးစိတ်ပညာ၊ _bအတွဲ-၁ / _cဒေါက်တာကေမြရီ။ |
| 264 |
_aရန်ကုန် ၊ _bတက္ကသိုလ်များပုံနှိပ်တိုက်၊ _c၁၉၆၇။ |
||
| 300 |
_a၁၀၅ စာမျက်နှာ၊ _c၃၀ စင်တီ။ |
||
| 650 | _aပညာရေးစိတ်ပညာ | ||
| 942 |
_2ddc _cSHORT TERM _n0 |
||
| 999 |
_c2615 _d2615 |
||